000 00197 a2200097 4500
001 13021
100 _aIshafaq Ahmad
245 _aNangay Paoon
260 _a
_bSange-e-Meel
_c
090 _c10029
_d10029
942 _aNUST-CAE
_cM
_c36
999 _c248094
_d248094